| 000 | 00533nam a2200193Ia 4500 | ||
|---|---|---|---|
| 005 | 20250326144801.0 | ||
| 008 | 250326s9999 xx 000 0 und d | ||
| 020 | _a0-7432-2580-5 | ||
| 037 | _aTextbook | ||
| 040 |
_aFMSL _beng _cFMSL |
||
| 041 |
_aeng _2eng |
||
| 084 |
_aXobD658(2:55) P2 _qFMSL |
||
| 100 |
_aDaisey Mike _9750101 |
||
| 245 | 0 |
_a21 Dog Years : Doing time _cDaisey Mike |
|
| 260 |
_aNY _bNY, Free Press _c2002 |
||
| 300 | _a222p | ||
| 942 |
_cTB _hXobD658(2:55) P2 |
||
| 999 |
_c1305041 _d1305041 |
||